MARC

Tag First Indicator Second Indicator Subfields
LEADER 00000cas a2200000La 4500
001 in00000069911
005 20151008055916.0
008 760620d19711984miuar i 0 0engmu
010 |z sn 88012350 
019 |a 02252127 
035 |a (OCoLC)04236702 
035 |9 AAJ4693AM 
040 |c MUL  |d m.c.  |d OCL  |d TXA  |d UtOrBLW 
042 |a lcd 
049 |a TXAE 
090 |a S671  |b .A448 
110 2 |a American Society of Agricultural Engineers. 
245 1 0 |a Comprehensive index of A S A E publications. 
246 1 0 |a Comprehensive index of ASAE publications 
264 1 |a St. Joseph, Mich. :  |b The Society,  |c 1971-1984. 
300 |a 14 volumes ;  |c 28 cm. 
310 |a Annual 
336 |a text  |b txt  |2 rdacontent 
337 |a unmediated  |b n  |2 rdamedia 
338 |a volume  |b nc  |2 rdacarrier 
362 0 |a 1971-1984. 
500 |a Indexes Agricultural engineering, Transactions of the A S A E, and its other publications. 
610 2 0 |a American Society of Agricultural Engineers  |v Bibliography. 
650 0 |a Agricultural engineering  |v Indexes. 
780 0 0 |a American Society of Agricultural Engineers.  |t Combined index to Agricultural engineering ... and Transactions of the ASAE  |w (OCoLC)3852361 
785 0 0 |t Comprehensive index of publications (American Society of Agricultural Engineers)  |w (DLC)sn 87024494  |w (OCoLC)15190723 
999 |a MARS 
999 f f |s efe8efc6-85f5-311c-869a-5aa639ac1125  |i 88613da0-bf02-319c-a25a-470804b51fa3  |t 0 
952 f f |p ric  |a Texas A&M University  |b Rellis Campus  |c Joint Library Facility  |d Remote Storage  |t 0  |e S671 .A448  |h Library of Congress classification  |i unmediated -- volume  |l 1976-1985  |m A14813984024 
998 f f |a S671 .A448  |s 1976-1985  |t 0  |l Remote Storage